[Event "Frankfurt Ch 2005"]
[Site "Ffm-Kalbach, LAZ"]
[Date "2005.06.13"]
[Round "7"]
[White "Schlesinger, Omri"]
[Black "Röschlau, Bernd"]
[Result "1-0"]
[WhiteElo "2116"]
[BlackElo "2190"]
[PlyCount "91"]
[EventDate "2005.??.??"]

1. Nf3 d5 2. c4 dxc4 3. e3 Be6 4. Na3 Nf6 5. Nxc4 g6 6. d4 Bg7 7. Be2 O-O 8.
O-O Nbd7 9. b3 c5 10. Bb2 Rc8 11. Rc1 Bd5 12. Qd3 Ne4 13. Rfd1 e6 14. Qb1 cxd4
15. exd4 Bh6 16. Ne3 Rxc1 17. Rxc1 Ndf6 18. Rd1 Bxe3 19. fxe3 Ng4 20. Re1 Qb8
21. Ne5 Nxe5 22. dxe5 Qd8 23. Qd3 Qh4 24. Rf1 Rd8 25. Bd4 b6 26. Qd1 h5 27. Bd3
Rc8 28. Rf4 Nc3 29. Qc2 Qg5 30. g3 b5 31. Bxb5 Qd8 32. Bxc3 Qb6 33. Qd3 Rxc3
34. Qxc3 Qxb5 35. Qc8+ Kg7 36. Qc7 Qe8 37. Qxa7 h4 38. gxh4 Qf8 39. b4 Bc6 40.
a4 Be8 41. Qc5 Bxa4 42. Qxf8+ Kxf8 43. Rc4 Ke8 44. Rc7 Bd7 45. Kf2 Kd8 46. Ra7
1-0

[Event "Frankfurt Ch 2005"]
[Site "Ffm-Kalbach, LAZ"]
[Date "2005.06.13"]
[Round "7"]
[White "Brüggemann, Ludger"]
[Black "Reschke, Stefan"]
[Result "1/2-1/2"]
[WhiteElo "2187"]
[BlackElo "2285"]
[PlyCount "103"]
[EventDate "2005.??.??"]

1. e4 c5 2. Nc3 Nc6 3. d3 g6 4. g3 Bg7 5. Bg2 d6 6. Be3 f5 7. Nf3 Nf6 8. h3 O-O
9. O-O e5 10. exf5 gxf5 11. Ne1 Be6 12. f4 Qe7 13. Kh2 Kh8 14. Nf3 exf4 15.
Bxf4 Nh5 16. Ng5 Nxf4 17. gxf4 Bg8 18. Qh5 Qe8 19. Qh4 Qg6 20. Nd5 Rae8 21.
Rae1 Rxe1 22. Rxe1 Re8 23. c3 Rxe1 24. Qxe1 h6 25. Qh4 Qe8 26. Bf3 Bxd5 27.
Bxd5 Qe2+ 28. Kg1 Qd1+ 29. Kh2 Qd2+ 30. Bg2 Kg8 31. Ne6 Kf7 32. Nc7 Qe2 33. Kh1
Ne7 34. Nd5 Ng6 35. Qd8 Qe6 36. Nc7 Qe1+ 37. Kh2 Nxf4 38. Qd7+ Kg8 39. Qc8+ Bf8
40. Qxf5 Nxg2 41. Kxg2 Qe2+ 42. Kg3 Qe3+ 43. Kg4 Qe2+ 44. Kf4 Qh2+ 45. Kg4 Qe2+
46. Kf4 Qf2+ 47. Ke4 Qg2+ 48. Qf3 Qg6+ 49. Qf5 Qg2+ 50. Qf3 Qg6+ 51. Qf5 Qg2+
52. Qf3 1/2-1/2

[Event "Frankfurt Ch 2005"]
[Site "Ffm-Kalbach, LAZ"]
[Date "2005.06.13"]
[Round "7"]
[White "Malek, Daniel"]
[Black "Ortmann, David"]
[Result "1-0"]
[WhiteElo "2254"]
[BlackElo "2279"]
[PlyCount "73"]
[EventDate "2005.??.??"]

1. d4 d5 2. c4 c6 3. Nf3 Nf6 4. Nc3 dxc4 5. a4 Bf5 6. Ne5 Nbd7 7. Nxc4 Qc7 8.
g3 e5 9. dxe5 Nxe5 10. Bf4 Nfd7 11. Bg2 g5 12. Ne3 gxf4 13. Nxf5 O-O-O 14. O-O
Nc5 15. Qc2 fxg3 16. hxg3 a5 17. Rad1 h5 18. Rxd8+ Qxd8 19. Rd1 Qf6 20. Ne4
Nxe4 21. Qxe4 Rg8 22. Bh3 Kb8 23. Qd4 Be7 24. Nxe7 Qxe7 25. Kh2 Qg5 26. Qd6+
Ka8 27. Rd4 Ng4+ 28. Kg2 Qc1 29. Qc7 Qc5 30. e3 Qf5 31. Rf4 Qd5+ 32. e4 Qd2 33.
Bxg4 hxg4 34. Qxf7 Rh8 35. Qg7 Re8 36. Rxg4 Qxb2 37. Qxb2 1-0

[Event "Frankfurt Ch 2005"]
[Site "Ffm-Kalbach, LAZ"]
[Date "2005.06.13"]
[Round "7"]
[White "Schwenkreis, Thomas"]
[Black "Solonar, Stefan"]
[Result "0-1"]
[WhiteElo "2109"]
[BlackElo "2257"]
[PlyCount "80"]
[EventDate "2005.??.??"]

1. Nf3 c5 2. g3 Nc6 3. Bg2 e5 4. d3 d5 5. O-O Nf6 6. Nbd2 Be7 7. e4 O-O 8. a4
Re8 9. h3 Rb8 10. b3 Bf8 11. Rb1 b6 12. Bb2 d4 13. Nc4 a6 14. Nh2 b5 15. axb5
axb5 16. Nd2 Bd6 17. Ra1 Qc7 18. Bc1 Bd7 19. Ndf3 c4 20. Nh4 cxb3 21. cxb3 Nb4
22. Bg5 Be7 23. f4 h6 24. Rc1 Qb6 25. fxe5 hxg5 26. exf6 gxh4 27. fxe7 hxg3 28.
Nf3 Qh6 29. h4 Rxe7 30. Qe1 Nxd3 31. Qxg3 Qf4 32. Qxf4 Nxf4 33. Nxd4 Nxg2 34.
Kxg2 Rxe4 35. Nf3 Be6 36. Rc3 Rd8 37. Rf2 f6 38. Rb2 b4 39. Rc5 Rd3 40. h5 Rf4
0-1

[Event "Frankfurt Ch 2005"]
[Site "Ffm-Kalbach, LAZ"]
[Date "2005.06.13"]
[Round "7"]
[White "Gramlich, Sebastian"]
[Black "Schlamp, Robert"]
[Result "1-0"]
[WhiteElo "1994"]
[BlackElo "2290"]
[PlyCount "99"]
[EventDate "2005.??.??"]

1. d4 Nf6 2. Bg5 d5 3. Bxf6 gxf6 4. g3 c6 5. c3 Qb6 6. Qb3 Qxb3 7. axb3 Bf5 8.
Nd2 e6 9. Bg2 Nd7 10. Ngf3 Be7 11. O-O O-O 12. b4 Bg6 13. Rfe1 f5 14. Nb3 Rfc8
15. Nc5 Nxc5 16. bxc5 Bh5 17. Nd2 b6 18. b4 bxc5 19. bxc5 Rcb8 20. Ra2 a5 21.
e3 Bd8 22. c4 Rb4 23. cxd5 exd5 24. Bf3 Bg6 25. Rea1 Rab8 26. Bd1 f6 27. Ba4
Be8 28. Kg2 f4 29. gxf4 R8b7 30. h3 Kf8 31. Kh2 Rb2 32. Nf3 R7b4 33. Kg3 Ke7
34. Nh4 Kd7 35. Bc2 h6 36. Bf5+ Ke7 37. Bg4 h5 38. Bf5 Bd7 39. Bxd7 Kxd7 40.
Nf5 Rxa2 41. Rxa2 a4 42. Kh4 Ke6 43. Nd6 f5+ 44. Kg3 Ba5 45. Kh4 Bc7 46. Kxh5
Rb8 47. Rxa4 Kf6 48. Kh4 Rg8 49. Ra7 Bd8 50. Nf7 {...} 1-0

[Event "Frankfurt Ch 2005"]
[Site "Ffm-Kalbach, LAZ"]
[Date "2005.06.13"]
[Round "7"]
[White "Lisanti, Marco"]
[Black "Diekmann, Hanjo"]
[Result "0-1"]
[WhiteElo "1988"]
[BlackElo "2110"]
[PlyCount "48"]
[EventDate "2005.??.??"]

1. d4 Nf6 2. c4 e6 3. Nc3 Bb4 4. Qc2 O-O 5. Bg5 d5 6. e3 h6 7. Bh4 b6 8. f3 c5
9. a3 cxd4 10. axb4 dxc3 11. Qxc3 Nbd7 12. cxd5 exd5 13. Bb5 a5 14. Qd4 Bb7 15.
Bxd7 Qxd7 16. bxa5 Qb5 17. Bxf6 gxf6 18. h4 Ba6 19. Kf2 Rfc8 20. h5 Rc2+ 21.
Kg3 Kh7 22. Rh4 f5 23. Kh3 Rg8 24. g3 Qf1+ 0-1

[Event "Frankfurt Ch 2005"]
[Site "Ffm-Kalbach, LAZ"]
[Date "2005.06.13"]
[Round "7"]
[White "Diaz, Joaquin"]
[Black "Kind, Veronika"]
[Result "1-0"]
[WhiteElo "2012"]
[BlackElo "1803"]
[PlyCount "75"]
[EventDate "2005.??.??"]

1. e4 c5 2. Nf3 d6 3. d4 cxd4 4. Nxd4 Nf6 5. Nc3 g6 6. Be3 Bg7 7. f3 O-O 8. Qd2
Nc6 9. Bc4 Nd7 10. Bb3 Nb6 11. Nxc6 bxc6 12. Bh6 Qc7 13. h4 d5 14. O-O-O dxe4
15. h5 Qe5 16. hxg6 hxg6 17. Bxg7 Qxg7 18. fxe4 Bg4 19. Rdf1 Nd7 20. Qg5 Be6
21. Bxe6 fxe6 22. Rf3 Rxf3 23. gxf3 Rf8 24. Qg3 e5 25. Qh3 Nc5 26. Qf1 Qf7 27.
Qg1 Ne6 28. Kb1 Nd4 29. f4 Rd8 30. f5 Rd6 31. Qg4 Rf6 32. b3 Qg7 33. Rg1 Kf7
34. Kb2 Qh6 35. Qg3 Qf4 36. Qh3 Ke8 37. fxg6 Nxc2 38. Qc8# 1-0

[Event "Frankfurt Ch 2005"]
[Site "Ffm-Kalbach, LAZ"]
[Date "2005.06.13"]
[Round "7"]
[White "Sadeghi, Behrang"]
[Black "Rubel, Julian"]
[Result "1-0"]
[WhiteElo "2183"]
[BlackElo "1981"]
[PlyCount "47"]
[EventDate "2005.??.??"]

1. e4 c5 2. c3 Nf6 3. e5 Nd5 4. Nf3 e6 5. d4 cxd4 6. cxd4 d6 7. Nc3 Nxc3 8.
bxc3 Qc7 9. Bd2 Nd7 10. exd6 Bxd6 11. Bd3 O-O 12. Qc2 h6 13. O-O a6 14. Qc1 Nf6
15. Bxh6 Ng4 16. Bxg7 Bxh2+ 17. Kh1 Bf4 18. Be5 Bxc1 19. Bxc7 Bb2 20. Rab1 Bxc3
21. Rb3 Bxd4 22. Nxd4 b5 23. Be4 Ra7 24. Bd6 1-0

[Event "Frankfurt Ch 2005"]
[Site "Ffm-Kalbach, LAZ"]
[Date "2005.06.13"]
[Round "7"]
[White "Wendel, Stephan"]
[Black "Mustafa, Wail"]
[Result "1-0"]
[WhiteElo "2153"]
[BlackElo "1924"]
[PlyCount "63"]
[EventDate "2005.??.??"]

1. e4 c5 2. Nf3 Nc6 3. d4 cxd4 4. Nxd4 Nf6 5. Nc3 g6 6. Nxc6 dxc6 7. Qxd8+ Kxd8
8. Bc4 Ke8 9. a4 Bg7 10. h3 Be6 11. Bxe6 fxe6 12. Be3 Nd7 13. Ra3 Nb6 14. Rb3
Kf7 15. O-O Rhd8 16. Rb4 Rd7 17. Rb1 Nc8 18. a5 Be5 19. Na4 b6 20. axb6 axb6
21. Nxb6 Nxb6 22. Rxb6 Ra2 23. f4 Bd4 24. Bxd4 Rxd4 25. Rxc6 Rxe4 26. b4 Ra4
27. b5 Rad4 28. b6 Rd2 29. Rc3 Ree2 30. Rg3 Rd8 31. b7 Rb8 32. Rc3 1-0

[Event "Frankfurt Ch 2005"]
[Site "Ffm-Kalbach, LAZ"]
[Date "2005.06.13"]
[Round "7"]
[White "Uwira, Oliver"]
[Black "Yilmaz, Ahmet"]
[Result "1-0"]
[WhiteElo "2112"]
[BlackElo "1916"]
[PlyCount "33"]
[EventDate "2005.??.??"]

1. d4 d5 2. c4 c6 3. Nf3 Nf6 4. e3 Bf5 5. Nc3 e6 6. Qb3 Qb6 7. c5 Qxb3 8. axb3
Nbd7 9. b4 h6 10. b5 e5 11. dxe5 Nxc5 12. Nd4 Nfd7 13. Nxf5 Nb3 14. Rb1 Nxe5
15. bxc6 bxc6 16. Nd4 Kd7 17. Nxb3 1-0

[Event "Frankfurt Ch 2005"]
[Site "Ffm-Kalbach, LAZ"]
[Date "2005.06.13"]
[Round "7"]
[White "Storck, Eike-Werner"]
[Black "Escher, Helmut"]
[Result "1/2-1/2"]
[WhiteElo "1894"]
[BlackElo "2012"]
[PlyCount "35"]
[EventDate "2005.??.??"]

1. e4 d5 2. exd5 Qxd5 3. Nc3 Qa5 4. d4 c6 5. Bc4 Nf6 6. Bd2 Qd8 7. Nf3 Bf5 8.
Qe2 e6 9. O-O Be7 10. Be3 O-O 11. Ne5 Nd5 12. Nxd5 cxd5 13. Bd3 Bxd3 14. Qxd3
Nc6 15. f4 Rc8 16. c3 f6 17. Nxc6 bxc6 18. b4 1/2-1/2

[Event "Frankfurt Ch 2005"]
[Site "Ffm-Kalbach, LAZ"]
[Date "2005.06.13"]
[Round "7"]
[White "Völker, Sebastian"]
[Black "Göbel, Andreas"]
[Result "1/2-1/2"]
[WhiteElo "1989"]
[BlackElo "1904"]
[PlyCount "42"]
[EventDate "2005.??.??"]

1. e4 c5 2. Nf3 d6 3. d4 cxd4 4. Nxd4 Nf6 5. Nc3 g6 6. Be3 Bg7 7. f3 O-O 8. Qd2
Nc6 9. O-O-O Nxd4 10. Bxd4 Be6 11. h4 Qa5 12. Qg5 Qxg5+ 13. hxg5 Nh5 14. Bxg7
Kxg7 15. g4 Nf4 16. Nd5 Bxd5 17. exd5 f6 18. gxf6+ Rxf6 19. Bd3 Raf8 20. Be4
Ne2+ 21. Kb1 Ng3 1/2-1/2

[Event "Frankfurt Ch 2005"]
[Site "Ffm-Kalbach, LAZ"]
[Date "2005.06.13"]
[Round "7"]
[White "Matzies, Alexander"]
[Black "Noble, Alexander"]
[Result "1/2-1/2"]
[WhiteElo "1922"]
[BlackElo "1972"]
[PlyCount "117"]
[EventDate "2005.??.??"]

1. e4 d6 2. d4 Nf6 3. Bd3 c6 4. Nc3 Qb6 5. Nge2 e6 6. O-O d5 7. a3 a5 8. exd5
cxd5 9. Nb5 Bd7 10. Nec3 Na6 11. Qe2 Nc7 12. Bf4 Nxb5 13. Nxb5 Rc8 14. f3 Be7
15. Rad1 O-O 16. Kh1 Ne8 17. c3 Bxb5 18. Bxb5 Bd6 19. Bxe8 Rfxe8 20. Bxd6 Qxd6
21. Qb5 b6 22. Rfe1 Qc6 23. Qxc6 Rxc6 24. a4 Rc4 25. Ra1 Kf8 26. Kg1 Ke7 27.
Kf2 Kd7 28. f4 Rb8 29. Ke3 b5 30. axb5 Rxb5 31. Re2 a4 32. Kd3 Rb6 33. g3 g6
34. Ra3 Rb3 35. Ra2 Kc6 36. g4 a3 37. Rxa3 Rcxc3+ 38. bxc3 Rxa3 39. f5 Kd6 40.
fxe6 fxe6 41. Rb2 Ra7 42. Rb6+ Ke7 43. g5 Kf7 44. h4 Re7 45. Rb5 h6 46. Rc5
hxg5 47. hxg5 Kg7 48. c4 dxc4+ 49. Kxc4 Rd7 50. Re5 Kf7 51. Kd3 Ke7 52. Ke4 Kf7
53. d5 exd5+ 54. Rxd5 Ra7 55. Rd6 Ra4+ 56. Ke5 Rg4 57. Rd7+ Ke8 58. Rg7 Rxg5+
59. Kf6 1/2-1/2

[Event "Frankfurt Ch 2005"]
[Site "Ffm-Kalbach, LAZ"]
[Date "2005.06.13"]
[Round "7"]
[White "Schreyer, Alois"]
[Black "Willems, Matthias"]
[Result "0-1"]
[WhiteElo "1883"]
[BlackElo "1936"]
[PlyCount "78"]
[EventDate "2005.??.??"]

1. e4 c6 2. d4 d5 3. f3 dxe4 4. fxe4 e5 5. Nf3 Bg4 6. Bc4 Nd7 7. O-O Ngf6 8.
Kh1 Bd6 9. Bg5 Qc7 10. Bxf6 Nxf6 11. Nc3 O-O 12. d5 b5 13. Bd3 b4 14. Ne2 cxd5
15. Ng3 d4 16. h3 Bd7 17. Nh4 Be7 18. Nhf5 Bxf5 19. Nxf5 g6 20. Ng3 h5 21. Qd2
Nh7 22. b3 Qc3 23. Qd1 Qc6 24. Bc4 Rac8 25. Qd3 h4 26. Ne2 Ng5 27. Nf4 exf4 28.
Rxf4 Ne6 29. Rg4 Kg7 30. Rf1 f6 31. e5 Ng5 32. e6 Rcd8 33. Re1 Qc5 34. Rxh4 Rh8
35. Rg4 f5 36. Rf4 Qc6 37. Kg1 Rh6 38. Kf1 Qd6 39. Rf2 Rh4 0-1

[Event "Frankfurt Ch 2005"]
[Site "Ffm-Kalbach, LAZ"]
[Date "2005.06.13"]
[Round "7"]
[White "Lux, Andreas"]
[Black "Rosselli, Marten"]
[Result "1/2-1/2"]
[WhiteElo "1801"]
[BlackElo "1933"]
[PlyCount "59"]
[EventDate "2005.??.??"]

1. d4 f5 2. c4 Nf6 3. Nc3 e6 4. Bg5 Be7 5. e3 d6 6. g3 O-O 7. Bg2 c6 8. Nge2
Qc7 9. O-O Nbd7 10. Nf4 Nb6 11. Qb3 d5 12. cxd5 exd5 13. Nd3 Be6 14. Rfc1 Qd8
15. Ne2 Ne4 16. Bxe7 Qxe7 17. Ne5 Nd2 18. Qd3 Ndc4 19. Nxc4 Nxc4 20. b3 Nd6 21.
Qd1 Rae8 22. Nf4 g5 23. Nd3 Kg7 24. f4 h6 25. Ne5 Nf7 26. Rc2 Nxe5 27. dxe5 Rc8
28. Rac1 g4 29. Qd4 a6 30. b4 1/2-1/2

[Event "Frankfurt Ch 2005"]
[Site "Ffm-Kalbach, LAZ"]
[Date "2005.06.13"]
[Round "7"]
[White "Bischoff, Ulrich"]
[Black "Rätsch, Kurt"]
[Result "0-1"]
[WhiteElo "1971"]
[BlackElo "1852"]
[PlyCount "66"]
[EventDate "2005.??.??"]

1. e4 c5 2. Nf3 Nc6 3. d4 cxd4 4. Nxd4 e5 5. Nb5 d6 6. N1c3 a6 7. Na3 Nf6 8.
Bg5 Be7 9. Bxf6 Bxf6 10. Nd5 O-O 11. Nc4 b5 12. Ncb6 Rb8 13. Nxc8 Rxc8 14. Bd3
g6 15. O-O Bg7 16. a4 b4 17. Bxa6 Rb8 18. Bc4 Qh4 19. Ne3 Nd4 20. c3 bxc3 21.
bxc3 Ne6 22. Qg4 Qe7 23. Rfb1 Nc5 24. Rb4 Kh8 25. Bd5 Nd3 26. Rxb8 Rxb8 27. Qd1
Nf4 28. Bc4 Qg5 29. Rb1 Rc8 30. g3 Bh6 31. a5 Nh3+ 32. Kg2 Nxf2 33. Nd5 Nxd1
0-1

[Event "Frankfurt Ch 2005"]
[Site "Ffm-Kalbach, LAZ"]
[Date "2005.06.13"]
[Round "7"]
[White "Kaliski, Erwin"]
[Black "Fischer, Arthur"]
[Result "1-0"]
[WhiteElo "2037"]
[BlackElo "1875"]
[PlyCount "39"]
[EventDate "2005.??.??"]

1. e4 e6 2. d4 d5 3. Nd2 c5 4. Ngf3 Nc6 5. c3 cxd4 6. cxd4 dxe4 7. Nxe4 Nf6 8.
Bd3 Bb4+ 9. Bd2 Bxd2+ 10. Qxd2 O-O 11. O-O Bd7 12. Rac1 Rc8 13. Rc3 Qe7 14.
Rfc1 Nxe4 15. Bxe4 Qd6 16. Bxh7+ Kxh7 17. Ng5+ Kg8 18. Qd3 f5 19. Qh3 Rf7 20.
Qh8+ 1-0

[Event "Frankfurt Ch 2005"]
[Site "Ffm-Kalbach, LAZ"]
[Date "2005.06.13"]
[Round "7"]
[White "Behnick, Eckhard"]
[Black "Lehner, Thorsten"]
[Result "1/2-1/2"]
[WhiteElo "2009"]
[BlackElo "1874"]
[PlyCount "40"]
[EventDate "2005.??.??"]

1. Nf3 c5 2. c4 Nf6 3. Nc3 e6 4. g3 b6 5. Bg2 Bb7 6. O-O Be7 7. d4 cxd4 8. Nxd4
Bxg2 9. Kxg2 a6 10. e4 d6 11. Be3 Qc7 12. Qe2 Nbd7 13. Rac1 O-O 14. f3 Rfc8 15.
b3 Qb7 16. Rc2 d5 17. Bg1 dxe4 18. Nxe4 Nxe4 19. Qxe4 Qxe4 20. fxe4 Nc5 1/2-1/2

[Event "Frankfurt Ch 2005"]
[Site "Ffm-Kalbach, LAZ"]
[Date "2005.06.13"]
[Round "7"]
[White "Kinski, Sven"]
[Black "Cors, Heinz-Friedrich"]
[Result "1/2-1/2"]
[WhiteElo "1765"]
[BlackElo "1970"]
[PlyCount "80"]
[EventDate "2005.??.??"]

1. e4 e5 2. d4 exd4 3. Nf3 Nc6 4. Bc4 Nf6 5. O-O Nxe4 6. Re1 d5 7. Bb5 Be7 8.
Nxd4 Bd7 9. Bxc6 bxc6 10. f3 Nf6 11. Qe2 c5 12. Nb5 Be6 13. Bf4 Bd6 14. Nxd6+
cxd6 15. Qa6 Qb6 16. Qxb6 axb6 17. Bxd6 Kd7 18. Be5 Ne8 19. Na3 f6 20. Bg3 Nd6
21. c3 Bf5 22. Rad1 Kc6 23. Re7 Rhe8 24. Rde1 Rxe7 25. Rxe7 g5 26. Bxd6 Kxd6
27. Rf7 Ke6 28. Rb7 Ra6 29. Kf2 Bg6 30. Ke3 Kd6 31. Rb8 f5 32. g3 Kc7 33. Rf8
Ra5 34. h4 gxh4 35. gxh4 Ra4 36. h5 f4+ 37. Rxf4 Rxf4 38. Kxf4 Bxh5 39. Nb5+
Kd7 40. b4 Kc6 1/2-1/2

[Event "Frankfurt Ch 2005"]
[Site "Ffm-Kalbach, LAZ"]
[Date "2005.06.13"]
[Round "7"]
[White "Wolf, Udo"]
[Black "Hausmann, Hans-Ulrich"]
[Result "1-0"]
[WhiteElo "1963"]
[BlackElo "1859"]
[PlyCount "65"]
[EventDate "2005.??.??"]

1. e4 d6 2. d4 Nf6 3. Bd3 e5 4. c3 d5 5. Bg5 Be7 6. Nd2 exd4 7. e5 dxc3 8. bxc3
Ne4 9. Bxe7 Qxe7 10. Ngf3 Bf5 11. O-O Nxc3 12. Qc2 Ne2+ 13. Kh1 Bxd3 14. Qxd3
Nf4 15. Qd4 Ne6 16. Qxd5 Nc6 17. Rab1 Qc5 18. Qe4 O-O-O 19. Rfc1 Qd5 20. Qa4
Qa5 21. Qb3 Qa6 22. Nc4 Rd5 23. Nd6+ Rxd6 24. exd6 cxd6 25. Qd5 Rd8 26. Nd2 Rd7
27. Ne4 Kd8 28. Nxd6 Ke7 29. Nf5+ Kd8 30. Qb3 g6 31. Ne3 Na5 32. Qc3 Ke7 33.
Qb4+ 1-0

[Event "Frankfurt Ch 2005"]
[Site "Ffm-Kalbach, LAZ"]
[Date "2005.06.13"]
[Round "7"]
[White "Bonilla Guzman, Jerson A"]
[Black "Minor, Samuel"]
[Result "0-1"]
[WhiteElo "1067"]
[BlackElo "1948"]
[PlyCount "93"]
[EventDate "2005.??.??"]

1. d4 f5 2. c4 Nf6 3. Nc3 g6 4. Nf3 Bg7 5. e3 d6 6. Be2 O-O 7. O-O Qe8 8. Qc2
e5 9. dxe5 dxe5 10. b3 e4 11. Ng5 Qe7 12. a4 h6 13. Ba3 c5 14. Nh3 g5 15. Rfd1
Nc6 16. Rac1 b6 17. Nd5 Qf7 18. Nxf6+ Qxf6 19. f3 f4 20. fxe4 Bxh3 21. gxh3
fxe3 22. Rf1 Qe7 23. Rxf8+ Rxf8 24. Rf1 Rd8 25. Rd1 Nd4 26. Qd3 Nf3+ 27. Bxf3
Rxd3 28. Rxd3 Be5 29. Bc1 Bd4 30. Bxe3 Kg7 31. Kg2 Bxe3 32. Rxe3 Qe5 33. Rd3
Kf6 34. Re3 Ke7 35. Bg4 Qd4 36. Kf2 Qd2+ 37. Be2 Ke6 38. Rd3 Qf4+ 39. Bf3 Qxh2+
40. Bg2 Qf4+ 41. Rf3 Qd2+ 42. Kg3 h5 43. Rf5 Qe1+ 44. Kh2 Qh4 45. Kg1 g4 46.
hxg4 hxg4 47. Rd5 0-1

[Event "Frankfurt Ch 2005"]
[Site "Ffm-Kalbach, LAZ"]
[Date "2005.06.13"]
[Round "7"]
[White "Orwatsch, Gerhard"]
[Black "Noble, Fabian"]
[Result "1/2-1/2"]
[WhiteElo "1930"]
[BlackElo "1728"]
[PlyCount "26"]
[EventDate "2005.??.??"]

1. d4 d6 2. Nf3 Bg4 3. e3 Nd7 4. Be2 e5 5. c3 c6 6. Nbd2 Ngf6 7. Qb3 Qc7 8. h3
Bh5 9. g4 Bg6 10. Nh4 Nb6 11. a4 Rb8 12. Nxg6 hxg6 13. a5 Nc8 1/2-1/2

[Event "Frankfurt Ch 2005"]
[Site "Ffm-Kalbach, LAZ"]
[Date "2005.06.13"]
[Round "7"]
[White "Brehme, Ralf"]
[Black "Karsten, Heinrich"]
[Result "1/2-1/2"]
[WhiteElo "1790"]
[BlackElo "1975"]
[PlyCount "65"]
[EventDate "2005.??.??"]

1. f4 d5 2. Nf3 g6 3. g3 Bg7 4. Bg2 e6 5. d3 Ne7 6. O-O O-O 7. e4 c5 8. Qe1
Nbc6 9. c3 b5 10. e5 a5 11. Na3 Ba6 12. Nc2 b4 13. Qd1 Qb6 14. Be3 Nf5 15. Bf2
h5 16. Re1 Rab8 17. Ne3 Nce7 18. Nxf5 Nxf5 19. c4 Rfd8 20. Qc2 dxc4 21. dxc4
Rd7 22. b3 Rbd8 23. Rad1 Bb7 24. Rxd7 Rxd7 25. Rd1 Rxd1+ 26. Qxd1 Bf8 27. Ng5
Be7 28. Bxb7 Qxb7 29. Qf3 Qd7 30. Ne4 Nd4 31. Qd3 Kf8 32. Bxd4 cxd4 33. h4
1/2-1/2

[Event "Frankfurt Ch 2005"]
[Site "Ffm-Kalbach, LAZ"]
[Date "2005.06.13"]
[Round "7"]
[White "Schiffer, Steve"]
[Black "Genis, Roy"]
[Result "0-1"]
[WhiteElo "2054"]
[BlackElo "1697"]
[PlyCount "92"]
[EventDate "2005.??.??"]

1. e4 e5 2. Nf3 Nc6 3. Bc4 Bc5 4. O-O Nf6 5. d3 d6 6. c3 O-O 7. a4 a6 8. h3 Bd7
9. Bg5 h6 10. Bh4 Ba7 11. Bb3 g5 12. Nxg5 hxg5 13. Bxg5 Kg7 14. Kh2 Rh8 15. f4
Ng4+ 16. Qxg4 Bxg4 17. Bxd8 Nxd8 18. fxe5 dxe5 19. Bc2 Be3 20. Kg3 Be6 21. Na3
Nc6 22. Rf3 Bg5 23. Kf2 Bh4+ 24. Ke2 Rag8 25. Rd1 Kf8 26. Kf1 Rg7 27. d4 exd4
28. cxd4 Nb4 29. Bb1 Rhg8 30. Rd2 Rg3 31. Rxg3 Rxg3 32. d5 Bd7 33. a5 Re3 34.
Re2 Rb3 35. Rd2 Bg5 36. Rf2 Bc1 37. Rf3 Rxb2 38. g4 Bg5 39. Kg1 Bb5 40. Rc3 c6
41. dxc6 Bxc6 42. e5 Bf4 43. Bf5 Bxe5 44. Rc1 Bh2+ 45. Kf1 Bg2+ 46. Ke1 Bg3+
0-1

[Event "Frankfurt Ch 2005"]
[Site "Ffm-Kalbach, LAZ"]
[Date "2005.06.13"]
[Round "7"]
[White "Bittner, Peter"]
[Black "Schalow, Daniel"]
[Result "0-1"]
[WhiteElo "1700"]
[BlackElo "2032"]
[PlyCount "136"]
[EventDate "2005.??.??"]

1. e4 d5 2. exd5 Qxd5 3. Nc3 Qa5 4. Nf3 c6 5. d4 Bf5 6. Bd3 e6 7. O-O Nf6 8.
Bg5 Nbd7 9. Bxf6 Nxf6 10. Ne5 g6 11. Ne2 Rd8 12. c3 h5 13. Bxf5 gxf5 14. Qb3
Qb6 15. Qxb6 axb6 16. a4 Bd6 17. a5 Ng4 18. f4 Bc7 19. a6 Rb8 20. axb7 Bxe5 21.
dxe5 Kd7 22. Ra7 Kc7 23. Rd1 Ne3 24. Rd3 Nc4 25. b4 Rhd8 26. Rh3 Nd2 27. Rxh5
Ne4 28. h3 Rd2 29. Rh7 b5 30. Rxf7+ Kb6 31. Ra8 Rxb7 32. Rxb7+ Kxb7 33. Re8
Rxe2 34. Rxe6 Rf2 35. Re7+ Kc8 36. Rf7 Rxf4 37. g4 Ng5 38. Rf8+ Kd7 39. Kg2
Nxh3 40. gxf5 Ng5 41. Kg3 Rc4 42. Rg8 Ne4+ 43. Kf3 Nxc3 44. f6 Nd5 45. Kg3 Ke6
46. Re8+ Kf7 47. Rc8 Nxf6 48. exf6 Kxf6 49. Kf3 Ke6 50. Ke3 Kd7 51. Rh8 Rxb4
52. Rh6 Rg4 53. Kd3 Kc7 54. Kc3 Kb6 55. Rf6 b4+ 56. Kb3 Kb5 57. Rf8 Rg3+ 58.
Kb2 c5 59. Rf5 b3 60. Rf4 c4 61. Ka3 Rg2 62. Rf5+ Kc6 63. Kb4 b2 64. Rf1 Rc2
65. Ka3 c3 66. Rf6+ Kc5 67. Rf5+ Kc4 68. Ka2 Rc1 0-1

[Event "Frankfurt Ch 2005"]
[Site "Ffm-Kalbach, LAZ"]
[Date "2005.06.13"]
[Round "7"]
[White "Hülsdunk, Heinz-Jürgen"]
[Black "Richter, Thomas"]
[Result "0-1"]
[WhiteElo "1691"]
[BlackElo "1953"]
[PlyCount "46"]
[EventDate "2005.??.??"]

1. d4 d5 2. c4 dxc4 3. e3 Nf6 4. Bxc4 e6 5. Nf3 c5 6. O-O Nc6 7. Nc3 a6 8. a4
cxd4 9. exd4 Be7 10. Re1 O-O 11. h3 Qa5 12. Bd2 Qb6 13. d5 Na5 14. Ba2 Bc5 15.
Qe2 exd5 16. Bxd5 Bf5 17. Ng5 Bg6 18. b4 Bxb4 19. Bf3 Nb3 20. Ra2 Nxd2 21. Qxd2
Qa5 22. Nge4 Nxe4 23. Bxe4 Bxc3 0-1

[Event "Frankfurt Ch 2005"]
[Site "Ffm-Kalbach, LAZ"]
[Date "2005.06.13"]
[Round "7"]
[White "Rondio, Thomas"]
[Black "Syed, Tareq"]
[Result "0-1"]
[WhiteElo "1680"]
[BlackElo "1944"]
[PlyCount "36"]
[EventDate "2005.??.??"]

1. e4 e5 2. Nf3 Nc6 3. Bb5 a5 4. Nc3 Bc5 5. Bxc6 dxc6 6. Nxe5 Bxf2+ 7. Kxf2
Qd4+ 8. Ke1 Qxe5 9. d4 Qe7 10. Qe2 Qb4 11. Qf2 Nf6 12. a3 Qc4 13. h3 O-O 14.
Bg5 Nxe4 15. Nxe4 Re8 16. c3 Qd3 17. Bd2 Rxe4+ 18. Kd1 Be6 0-1

[Event "Frankfurt Ch 2005"]
[Site "Ffm-Kalbach, LAZ"]
[Date "2005.06.13"]
[Round "7"]
[White "Pröstler, Rene"]
[Black "Simon, Eric"]
[Result "1/2-1/2"]
[WhiteElo "1615"]
[BlackElo "1889"]
[PlyCount "147"]
[EventDate "2005.??.??"]

1. e4 e5 2. Nf3 d6 3. d4 Nd7 4. Nc3 c6 5. Be2 Ngf6 6. O-O Be7 7. Be3 b5 8. a3
a6 9. Nh4 g6 10. f4 Bb7 11. f5 exd4 12. Qxd4 c5 13. Qd3 Ne5 14. Qd1 Nxe4 15.
Nxe4 Bxe4 16. Rf4 Bxh4 17. Rxe4 gxf5 18. Rxh4 Qxh4 19. Qxd6 Qe7 20. Bxc5 Qxd6
21. Bxd6 Nc4 22. Bf3 Rc8 23. Bf4 O-O 24. b3 Na5 25. b4 Nc6 26. Rd1 Rfd8 27.
Rxd8+ Nxd8 28. Bd1 Ne6 29. Be5 Ng5 30. Kf2 f6 31. Bd4 Rc4 32. Ke3 Kg7 33. c3
Ne4 34. Kd3 Rc8 35. Bf3 Re8 36. g4 Nd6 37. g5 Ne4 38. Bxe4 Rxe4 39. gxf6+ Kf7
40. c4 bxc4+ 41. Kxc4 f4 42. Kd3 Re8 43. a4 Rd8 44. Ke4 f3 45. Bf2 Rb8 46. b5
axb5 47. axb5 Rxb5 48. Kxf3 Kxf6 49. Kg4 Rb4+ 50. Kf3 Kf5 51. Kg3 h5 52. Kh3
Rc4 53. Kg2 Rc3 54. Be1 Rb3 55. Bg3 Kg4 56. Bf2 h4 57. Kh1 Kh3 58. Bd4 Rb1+ 59.
Bg1 Rb2 60. Be3 Rxh2+ 61. Kg1 Ra2 62. Kh1 Kg3 63. Bd4 Re2 64. Bc5 h3 65. Bd6+
Kf3 66. Bc7 Rg2 67. Bd8 Kf2 68. Bb6+ Kf3 69. Bc7 Rb2 70. Bd6 Kg4 71. Be5 Rc2
72. Bb8 h2 73. Bxh2 Kh3 74. Bg1 1/2-1/2

[Event "Frankfurt Ch 2005"]
[Site "Ffm-Kalbach, LAZ"]
[Date "2005.06.13"]
[Round "7"]
[White "Radtke, Thoralf"]
[Black "Hilbenz, Guntram"]
[Result "0-1"]
[WhiteElo "1584"]
[BlackElo "1877"]
[PlyCount "58"]
[EventDate "2005.??.??"]

1. f4 c5 2. Nf3 d5 3. e3 Nc6 4. b3 Nf6 5. Bb2 g6 6. Bb5 Bg7 7. Bxc6+ bxc6 8.
Ne5 Qd6 9. O-O O-O 10. Nc3 Ba6 11. Re1 d4 12. Na4 Bb5 13. Ba3 Bxa4 14. bxa4 Ne4
15. Nd3 dxe3 16. Rb1 Qd5 17. Bb2 Bxb2 18. Rxb2 exd2 19. Rxe4 Qxe4 20. Qxd2 Qd4+
21. Qf2 Rab8 22. Qxd4 cxd4 23. Rb3 f6 24. Nc5 Rxb3 25. axb3 Kf7 26. Kf2 Rd8 27.
Ke2 Rd5 28. Nd3 a5 29. Nb2 e5 0-1